Đang tải...

Distribution and ecology of vibrio vulnificus and other marine vibrios in the voastal waters, fishes and shellfishes in Arabian sea off Cochin

Chi tiết về thư mục
Tác giả chính: Sudha, K.
Tác giả khác: Nirmala Thampuran
Định dạng: Printed Book
Ngôn ngữ:English
Được phát hành: Kochi CIFT 2001
Những chủ đề:
LEADER 00929nam a2200265 a 4500
001 adlib96000001
003 ViArRB
005 20151026132143.0
008 960221s1955 dcuabcdjdbkoqu001 0deng d
020
022
040 |a Adlib 
082 |a 639.3.049:639.5 
245 |a Distribution and ecology of vibrio vulnificus and other marine vibrios in the voastal waters, fishes and shellfishes in Arabian sea off Cochin 
250
260 |a Kochi  |b CIFT  |c 2001 
300 |a 189P. 
500 |a  Thesis (Ph.D); CUSAT, 2001 
100 |a Sudha, K. 
700 |a Nirmala Thampuran 
942 |c REF  |6 _ 
653 |a Marine vibrios- Ecology 
999 |c 42779  |d 42779 
952 |0 0  |1 0  |4 0  |6 63930496395_SUD  |7 0  |9 54866  |a UL  |b UL  |d 2010-06-16  |o 639.3.049:639.5 SUD  |p G0008645  |r 2010-06-16  |w 2010-06-16  |y REF 
952 |0 0  |1 0  |4 0  |6 63930496395_SUD1  |7 0  |9 54867  |a UL  |b UL  |d 2010-06-16  |o 639.3.049:639.5 SUD;1  |p G0008495  |r 2010-06-16  |w 2010-06-16  |y REF